Koncepcia transformácie sociálnej sféry Slovenskej republiky

Úplné znenie dokumentu, ktorý predložila vláda SR na rokovanie so sociálnymi partnermi tripartity. Východiská, stav, tendencie a ciele transformácie sociálnej sféry. Začiatky a prvé kroky transformácie. Hlavné smery: A/ Reforma individuálnych pracovných vzťahov, trh práce, zamestnanosť. B/ Kolektívn...

Descrizione completa

Salvato in:
Dettagli Bibliografici
Natura: Capitolo di libro
Lingua:slovacco
Soggetti:
Tags: Aggiungi Tag
Nessun Tag, puoi essere il primo ad aggiungerne!!

MARC

LEADER 00000naa a2200000 4500
001 r014695
005 20221205080252.4
041 0 |a slo 
044 |a SK 
245 1 0 |a Koncepcia transformácie sociálnej sféry Slovenskej republiky 
520 |a Úplné znenie dokumentu, ktorý predložila vláda SR na rokovanie so sociálnymi partnermi tripartity. Východiská, stav, tendencie a ciele transformácie sociálnej sféry. Začiatky a prvé kroky transformácie. Hlavné smery: A/ Reforma individuálnych pracovných vzťahov, trh práce, zamestnanosť. B/ Kolektívne pracovné vzťahy. C/ Reforma sociálneho zabezpečenia. Nové princípy sociálneho zabezpečenia. Štátna sociálna podpora. Schéma transformácie sociálnej sféry, harmonogramy úloh. Medzinárodné aspekty transformácie. 
610 2 0 |a koncepcie 
610 2 0 |a politika sociálna 
610 2 0 |a transformácia 
610 2 0 |a Slovensko 
610 2 0 |a vzťahy pracovné 
610 2 0 |a trh práce 
610 2 0 |a zamestnanosť 
610 2 0 |a zabezpečenie sociálne 
610 2 0 |a pomoc sociálna 
610 2 0 |a reformy sociálne